Načítá se...
Regional planning and sustainable development /
In the Indian context; contributed articles.
| Další autoři: | |
|---|---|
| Médium: | Printed Book |
| Jazyk: | English |
| Vydáno: |
New Delhi :
Kanishka Publishers,
2012.
|
| Vydání: | 2nd ed. |
| Témata: |
| LEADER | 00745cam a2200205 a 4500 | ||
|---|---|---|---|
| 005 | 20161123112113.0 | ||
| 008 | 161123b xxu||||| |||| 00| 0 eng d | ||
| 020 | |a 8173913188 | ||
| 082 | |a 307.12 |b SHU | ||
| 245 | 0 | 0 | |a Regional planning and sustainable development / |c edited by Amitabh Shukla |
| 250 | |a 2nd ed. | ||
| 260 | |a New Delhi : |b Kanishka Publishers, |c 2012. | ||
| 300 | |a 292p. | ||
| 520 | |a In the Indian context; contributed articles. | ||
| 650 | 0 | |a Regional planning | |
| 650 | 0 | |a Sustainable development | |
| 700 | 1 | |a Shukla, Amitabh |e editor. | |
| 942 | |2 ddc |c BK | ||
| 999 | |c 15995 |d 15995 | ||
| 952 | |0 0 |1 0 |2 ddc |4 0 |6 307_120000000000000_SHU |7 0 |9 22506 |a MAIN |b MAIN |d 2016-11-23 |e Pai Brothers |g 800.00 |o 307.12 SHU |p 22550 |r 2017-05-11 |t 1 |w 2016-11-23 |y BK | ||